000 01381nam a2200385 i 4500
001 000015560
003 DO-SdBNP
005 20260225134904.0
007 ta
008 100212s2009 dr 000 0 spa d
020 _a9789945457179
020 _a9789945457186
040 _aDO-SdBNP
_bspa
_cBNPHU
_erda
041 _aspa
082 4 _a170
_bG731a 2009
_222
100 1 _aGracián, Baltasar,
_d1601-1658
_eautor
_4aut.
_926972
245 1 3 _aEl arte de la prudencia /
_cBaltasar Gracián ; presentación, Mariano Mella ; prólogo, Mario Suárez Marill.
250 _atercera edición
264 1 _aSanto Domingo :
_bSociedad Dominicana de Bibliófilos,
_c2009.
300 _a201 páginas ;
_c22 cm.
336 _atexto
_btxt
_2rdacontent
337 _asin mediación
_bn
_2rdamedia
338 _avolumen
_bnc
_2rdacarrier
500 _aIncluye índice temático
500 _aIncluye referencias bibliográficas y notas al pie de las páginas
590 _aInventariado, 2018/MFF
650 4 _aPrudencia
_926973
650 4 _aÉtica
_xCitas, máximas, etc.
_926974
650 7 _aConducta de vida
_xCitas, máximas, etc.
_2LIBRUNAM
_911947
650 4 _aAforismos y apotegma
_926976
700 1 _aMella, Mariano,
_epresentación
_92101
700 1 _aSuarez Merill, Mario,
_eprologuista
_4pr.
_935106
910 _aValidado. Control de calidad MMOLINA
942 _2ddc
_cLBS1
999 _c15116
_d15116